000 00302nam a22001457a 4500
020 _a81-7130-133-1
082 _a894.812.3
_bBAS/A
100 _aBASHEER
245 _aANURAGATHINTE BASHEER
260 _a2017
_bDC BOOKS
_cKOTTAYAM
300 _a200
520 _aNOVEL
650 _aNOVEL
942 _cBK
999 _c4728
_d4728